| 000 | 00647cam a22002291 4500 | ||
|---|---|---|---|
| 001 | sa 66004488 | ||
| 003 | DLC | ||
| 005 | 20260227112243.0 | ||
| 008 | 840120r19641871ii 000 0 eng | ||
| 010 | _asa 66004488 | ||
| 035 | _a(OCoLC)10321474 | ||
| 040 |
_aDLC _cMiRochOU _dMiRochOU _dDLC |
||
| 042 | _apremarc | ||
| 043 | _aa-ii--- | ||
| 050 | 0 | 0 |
_aDS475.1 _b.H94 1964 |
| 100 | 1 |
_aHunter, William Wilson, _cSir, _d1840-1900. |
|
| 245 | 1 | 4 |
_aThe Indian Musalmans, _cby W.W. Hunter. |
| 260 |
_aLahore, _bPremier Book House, _c1964. |
||
| 300 |
_a165 p. _c22 cm. |
||
| 500 | _a"Reprinted from the first edition." | ||
| 650 | 0 |
_aMuslims _zIndia. |
|
| 999 |
_c69455 _d69455 |
||